<?xml version="1.0" encoding="UTF-8"?>
<record
    xmlns:xsi="http://www.w3.org/2001/XMLSchema-instance"
    xsi:schemaLocation="http://www.loc.gov/MARC21/slim http://www.loc.gov/standards/marcxml/schema/MARC21slim.xsd"
    xmlns="http://www.loc.gov/MARC21/slim">

  <leader>00931nam a2200253 a 4500</leader>
  <controlfield tag="001">BRCA_8476</controlfield>
  <controlfield tag="005">20190320210312.0</controlfield>
  <controlfield tag="008">160216s2014----mx-a######---#000-0#spa-#</controlfield>
  <datafield tag="020" ind1=" " ind2=" ">
    <subfield code="a">9786079687502</subfield>
  </datafield>
  <datafield tag="041" ind1=" " ind2=" ">
    <subfield code="a">spaeng</subfield>
  </datafield>
  <datafield tag="050" ind1=" " ind2="4">
    <subfield code="b">A54 2014</subfield>
  </datafield>
  <datafield tag="100" ind1="1" ind2=" ">
    <subfield code="a">&#xC1;ngel Reyes, Johanna</subfield>
    <subfield code="9">21235</subfield>
  </datafield>
  <datafield tag="245" ind1="1" ind2="0">
    <subfield code="a">Dolores Porras</subfield>
    <subfield code="b">legado sin reservas. Colecci&#xF3;n Rolando Regino Porras</subfield>
    <subfield code="c">Johanna &#xC1;ngel Reyes, Mariana Rubio de los Santos ; traducci&#xF3;n Karla Oropeza Pinz&#xF3;n.</subfield>
  </datafield>
  <datafield tag="260" ind1=" " ind2=" ">
    <subfield code="a">M&#xE9;xico</subfield>
    <subfield code="b">ACACIA 360&#xBA; Publicaciones</subfield>
    <subfield code="c">[2014]</subfield>
  </datafield>
  <datafield tag="300" ind1=" " ind2=" ">
    <subfield code="a">61 p.</subfield>
    <subfield code="b">il. a color</subfield>
    <subfield code="c">28 cm.</subfield>
  </datafield>
  <datafield tag="546" ind1=" " ind2=" ">
    <subfield code="a">Texto en : espa&#xF1;ol e ingl&#xE9;s</subfield>
  </datafield>
  <datafield tag="600" ind1="1" ind2="4">
    <subfield code="a">Porras, Dolores</subfield>
    <subfield code="d">1937-2010</subfield>
    <subfield code="9">21236</subfield>
  </datafield>
  <datafield tag="600" ind1="1" ind2="4">
    <subfield code="a">Regino Porras, Rolando</subfield>
    <subfield code="9">21237</subfield>
  </datafield>
  <datafield tag="650" ind1="1" ind2="4">
    <subfield code="a">Cer&#xE1;mica</subfield>
    <subfield code="z">Santa Mar&#xED;a Atzompa, Oaxaca</subfield>
    <subfield code="9">21238</subfield>
  </datafield>
  <datafield tag="650" ind1="1" ind2="4">
    <subfield code="a">Arte popular</subfield>
    <subfield code="9">7800</subfield>
  </datafield>
  <datafield tag="700" ind1="1" ind2=" ">
    <subfield code="a">Rubio de los Santos, Mariana</subfield>
    <subfield code="e">coaut.</subfield>
    <subfield code="9">21239</subfield>
  </datafield>
  <datafield tag="700" ind1="1" ind2=" ">
    <subfield code="a">Oropeza Pinz&#xF3;n, Karla</subfield>
    <subfield code="e">tr.</subfield>
    <subfield code="9">21240</subfield>
  </datafield>
  <datafield tag="942" ind1=" " ind2=" ">
    <subfield code="2">lcc</subfield>
    <subfield code="c">B</subfield>
  </datafield>
  <datafield tag="999" ind1=" " ind2=" ">
    <subfield code="c">8143</subfield>
    <subfield code="d">8143</subfield>
  </datafield>
  <datafield tag="952" ind1=" " ind2=" ">
    <subfield code="0">0</subfield>
    <subfield code="1">0</subfield>
    <subfield code="4">0</subfield>
    <subfield code="7">0</subfield>
    <subfield code="a">BRCA</subfield>
    <subfield code="b">BRCA</subfield>
    <subfield code="d">2016-02-16</subfield>
    <subfield code="l">0</subfield>
    <subfield code="o">A54 2014</subfield>
    <subfield code="p">02914</subfield>
    <subfield code="r">2019-03-22 00:00:00</subfield>
    <subfield code="w">2019-03-22</subfield>
    <subfield code="y">B</subfield>
  </datafield>
</record>
